000
00317 a2200157 4500
001
60994
020
_a
9788598078854
040
_c
Anchieta - Pituba
100
_a
Van de Ruit, John
240
1
0
_a
Cotoco
_l
por
245
1
0
_a
Cotoco
300
_a
389
362
0
_a
2010
650
4
_a
Literatura juvenil
942
_c
BK
999
_c
60994
_d
60994